Infancia: desaparición y muerte: informe Comisión Nacional de Verdad y Reconciliación
Αποθηκεύτηκε σε:
| Μορφή: | Βιβλίο |
|---|---|
| Γλώσσα: | Ισπανικά |
| Έκδοση: |
Santiago
CEDIAL
1991
|
| Σειρά: | Serie Estudios y Experiencias Fundacion PIDEE, 3
|
| Θέματα: | |
| Ετικέτες: |
Προσθήκη ετικέτας
Δεν υπάρχουν, Καταχωρήστε ετικέτα πρώτοι!
|
MARC
| LEADER | 00000nam a2200000 a 4500 | ||
|---|---|---|---|
| 001 | UCY0630 | ||
| 003 | CL-VaPUC | ||
| 008 | 940809e19910000CL |||||||||||||||||spa|d | ||
| 082 | 0 | 4 | |a 323.4 |b INF |2 21 |
| 245 | 1 | 0 | |a Infancia: desaparición y muerte: informe Comisión Nacional de Verdad y Reconciliación |
| 300 | |a 67 p | ||
| 942 | |c BK | ||
| 945 | |d 19940809 00:00:00 |a rbrito | ||
| 260 | |a Santiago |b CEDIAL |c 1991 | ||
| 650 | 0 | |a Derechos del niño |9 258728 | |
| 651 | 7 | |a CHILE |2 CL-VaPUC |9 328414 | |
| 583 | |a last modification |c 20161005 05:10:42 |k Rodrigo Vera | ||
| 490 | 0 | |a Serie Estudios y Experiencias Fundacion PIDEE, 3 | |
| 999 | |c 229591 |d 229589 | ||
| 952 | |0 0 |1 0 |4 0 |6 323_400000000000000_INF_1991 |7 0 |8 A |9 230890 |a BIBEDU |b BIBEDU |d 2019-11-15 |i 3002195 |o 323.4 INF 1991 |p 3002195 |r 2019-11-15 |w 2019-11-15 |y BK |k EDU | ||
| 952 | |0 0 |1 0 |4 0 |6 323_400000000000000_INF_1991 |7 0 |8 A |9 230891 |a BIBEDU |b BIBEDU |d 2019-11-15 |i 3229246 |o 323.4 INF 1991 |p 3229246 |r 2019-11-15 |w 2019-11-15 |y BK |k EDU | ||
| 952 | |0 0 |1 0 |4 0 |6 323_400000000000000_INF_1991 |7 0 |8 A |9 230892 |a BIBEDU |b BIBEDU |d 2019-11-15 |i 3749037 |o 323.4 INF 1991 |p 3749037 |r 2019-11-15 |w 2019-11-15 |y BK |k BME | ||